000
00401nam a2200133Ia 4500
008
151001s9999||||xx |||||||||||||| ||und||
100
_a
रामशंकर तिवारी
245
_a
सफलता सिर्फ चार कदम पर
250
_a
1
260
_b
क्वालिटी पब्लिकेशन
260
_c
2006
300
_a
264
365
_b
21
999
_c
988088
_d
988085